| 000 | 00596nam a2200169 4500 | ||
|---|---|---|---|
| 001 | 127937 | ||
| 003 | ES-MaACL | ||
| 005 | 20230906193125.0 | ||
| 007 | t| | ||
| 008 | 070214s1945 sp r ||||1| spa d | ||
| 100 | 1 |
_aRivero de Andrea, Fernando. _997694 |
|
| 245 | 1 | 0 |
_aManual de contribución rústica y pecuaria _b: (amillaramiento y catastro) / _cFernando Rivero de Andrea ; prólogo del Sr. D. Daniel López Rodríguez. |
| 260 |
_aMadrid : _bAfrodisio Aguado, _c1945. |
||
| 300 |
_a433 p. ; _c19 cm. |
||
| 700 | 1 |
_aLópez Rodríguez, Daniel. _973931 |
|
| 852 |
_aES-MaACL _jB-10565 _bR.22390 |
||
| 999 |
_c127937 _d127937 |
||